Neymar Jr - Statistics

Estatísticas Gerais
  • Esse quiz foi jogado 75 vezes
  • A pontuação média é 12 de 15
Estatísticas das Respostas
Dica Resposta % Correto
Número da camisa de Neymar na seleção brasileira 10
98%
Clube que Neymar se transferiu em 2013 Barcelona
98%
Clube que Neymar se transferiu em 2017 PSG
98%
Primeiro clube profissional de Neymar Santos
98%
Nome completo de Neymar Neymar da Silva Santos Júnior
97%
Jogador com quem Neymar formou dupla famosa no Barcelona Lionel Messi
92%
Ano de nascimento de Neymar 1992
91%
Ano em que Neymar venceu a medalha de ouro olímpica 2016
91%
País que Neymar enfrentou na final da Copa das Confederações de 2013 Espanha
89%
País onde Neymar ganhou a primeira Liga dos Campeões da UEFA Espanha
89%
Campeonato brasileiro que Neymar venceu com o Santos Campeonato Paulista e Copa do Brasil
80%
Cidade natal de Neymar Mogi das Cruzes,
53%
Copa do Mundo que Neymar sofreu a famosa lesão nas quartas de final Copa do Mundo 2014
39%
Copa do Mundo em que Neymar foi o principal destaque do Brasil (marcando 4 gols) Copa do Mundo 2014
39%
País que Neymar enfrentou na final da Copa do Mundo Sub-20 de 2011 Portugal
29%
Nenhum quiz correspondente encontrado
Distribuição das Pontuações
Porcentagem de Pessoas com Cada Pontuação
Percentil de Números Respondidos
Sua Pontuação Histórica
Você não jogou esse quiz